000 005520000a22001810004500
003 MACL
005 20160513114744.0
008 160513b xxu||||| |||| 00| 0 eng d
040 _aMACL
_cMACL
041 _aHindi
082 _a891.431
100 _aसिब्‍बल, कपिल
_956614
245 _aकिस किस की जय हो
_cकपिल सिब्‍बल
260 _aदिल्‍ली
_bयात्रा बुक्‍स
_c2011
350 _a175
650 _aPoem
_927793
942 _cHIN
_k891.431/SIB/P
_2ddc
999 _c48781
_d48781